Who wore it? Quiz Stats

 Plays Quiz not verified by Sporcle

Score 0/31 Timer 07:00
0 Plays Today
Number Worn Competitor % Correct
7Yamamoto Shingo
91.7%
99Omori Akira
83.9%
1000Yamada Katsumi
76.2%
86Akiyama Kazuhiko
75%
74Takeda Toshihiro
70.8%
1Yamada Koji
61.3%
61Nagano Makoto
58.9%
91Kane Kosugi
53.6%
1924Okuyama Yoshiyuki
48.2%
85Hashimoto Koji
47.6%
18Sato Jun
45.8%
60Nagasaki Takamasa
44.6%
90Sato Hiromichi
42.3%
79Morimoto Yusuke
41.4%
46Takahashi Kenji
41.1%
94Lee En-Chih
40.5%
Number Worn Competitor % Correct
75Brian Orosco
39.9%
83Miura Eiichi
38.1%
2973Kishimoto Shinya
37.5%
98Paul Anthony Terek
36.3%
72Ragivaru Anastase
34.4%
84David Campbell
32.8%
58Asa Kazuma
32.7%
38Ueki Shigenori
32.1%
66Shiratori Bunpei
31%
68Washimi Yuuji
30.4%
92Paul Hamm
28%
6Morikami Daisuke
25.9%
50Tatsukawa Tomihiro
23.8%
95Jordan Jovtchev
22.6%
29Kuramochi Minoru
19%

You're not logged in!

Compare scores with friends on all Sporcle quizzes.
OR
Log In

Show Comments

Extras

Created Nov 27, 2010ReportNominate
Tags:sasuke

Top Quizzes Today


Score Distribution

Your Account Isn't Verified!

In order to create a playlist on Sporcle, you need to verify the email address you used during registration. Go to your Sporcle Settings to finish the process.

Report this User

Report this user for behavior that violates our Community Guidelines.

Details: